| 000 | 00925nac a22003137a 4500 | ||
|---|---|---|---|
| 001 | BR0101048 | ||
| 003 | BR-BrBNA | ||
| 005 | 20240105122519.0 | ||
| 008 | 230509b bl.|||m| |||| 00| 0 por d | ||
| 040 |
_aBR-BrBNA _bpor _cBiblioteca Nacional de Agricultura |
||
| 072 | _aJ11 | ||
| 090 | _a1530 BR0101048 | ||
| 100 | 1 | _aLana, M.M. | |
| 100 | 1 | _aVieira, J.V. | |
| 110 | 1 | _aEMBRAPA Hortalicas, Brasilia, DF (Brasil) | |
| 245 | 1 | _aFisiologia e manuseio pos-colheita de cenoura | |
| 260 | 3 |
_aBrasilia, DF (Brasil): _c2000. |
|
| 300 | _a15 p. | ||
| 490 |
_aCircular Tecnica - EMBRAPA Hortalicas (Brazil) _vno. 21 _xISSN 1415-3033 |
||
| 500 | _a26 ref. | ||
| 650 | _aCenoura | ||
| 650 | _aFisiologia Vegetal | ||
| 650 | _aTecnologia de Alimento | ||
| 650 | _aPos-Colheita | ||
| 650 | _aDoenca de Planta | ||
| 650 | _aArmazenamento | ||
| 909 |
_a202312 _bLúcia Elande _c55 _dLúcia Elande |
||
| 942 |
_2AGRIS _n0 _cMS |
||
| 999 |
_c291427 _d291427 |
||